000 00589nam a2200229Ia 4500
005 20260320201516.0
008 008 262003s9999 xx 000 0 eng d
037 _aEBOOK
040 _aCRL
040 _beng
040 _cCRL
041 _2eng
041 _aeng
084 _qCRL
100 _aSundararajan
_91134594
245 4 _aThe Sharing Economy: The End of Employment and the Rise of Crowd-Based Capitalism
260 _bIEEE
856 _uhttps://ieeexplore.ieee.org/servlet/opac?bknumber=7580022
942 _cEBOOK
999 _c1721688
_d1721688